Normal view
MARC view
- Owais Nazir
Entry Personal Name
001 - CONTROL NUMBER
- control field: 15442
003 - CONTROL NUMBER IDENTIFIER
- control field: NUST
005 - DATE AND TIME OF LATEST TRANSACTION
- control field: 20190625051007.0
008 - FIXED-LENGTH DATA ELEMENTS
- fixed length control field: 190625|| aca||aabn | a|a d
040 ## - CATALOGING SOURCE
- Original cataloging agency: NUST
- Transcribing agency: NUST
100 ## - HEADING--PERSONAL NAME
- Personal name: Owais Nazir
670 ## - SOURCE DATA FOUND
- Source citation: Work cat.: (NUST): Owais Nazir, MLE-MFNR based Image enhancement for in-vivo breast cancer screening using Digital Image Elasto-tomography (DIET) system /, 2015.
